Biblioteca

Cinco Catarinitas / Melanie Gerth (Registro nro. 48424)

Detalles MARC
000 -LÍDER
Campo fijo de descripción fija 002970000a22001330004500
020 ## - NÚMERO INTERNACIONAL NORMALIZADO PARA LIBROS
Número Internacional Normalizado del libro 968-13-3670-4
082 04 - NÚMERO DE CLASIFICACIÓN DECIMAL DEWEY
Número de clasificación B G328c
001 - NÚMERO DE CONTROL
Campo de control 1253
100 1# - ASIENTO PRINCIPAL--NOMBRE PERSONAL
Nombre personal Gerth, Melanie
245 10 - TÍTULO
Título del Material Cinco Catarinitas / Melanie Gerth
260 ## - PUBLICACIÓN, DISTRIBUCIÓN, ETC. (PIE DE IMPRENTA)
Lugar de publicación, distribución, etc. Los Angeles : Diana
300 ## - DESCRIPCIÓN FÍSICA
Extensión 10 Pag. / 18 cm.
942 ## - TIPO DE MATERIAL (KOHA)
Tipo de Item KOHA Z- Libro General BINCO
Existencias
Estado de Material Estado de Perdido Volumen-Parte/Tomo Estado de Dañado No para Préstamo Tomo Biblioteca de Origen Biblioteca Permanente Fecha de Adquisición Total de Préstamos Signatura Topográfica Código de Barras Última vez visto Última vez Préstado Ejemplar/Existencia Fecha de Remplazo Tipo de Material
            Biblioteca Infantil Comunitaria BINCO Biblioteca Infantil Comunitaria BINCO 10/07/2008 2 B G328c B31624 04/08/2023 02/06/2023 1 26/01/2016 Z- Libro General BINCO

Biblioteca FUSBC | Teléfono: (57+4) 349 88 10 Ext. 141| WhatsApp (+57) 3005338115 
E-mail: biblioteca@unisbc.edu.co | Calle 76 87-14 Robledo Palenque, Medellín, Colombia

Con tecnología Koha